Statistics for Adventure time characters

Click here to take the quiz!

General Stats

  • This quiz has been taken 52 times
  • The average score is 10 of 17

Answer Stats

HintAnswer% Correct
The human main characterFinn the Human
98%
The dog main characterJake the Dog
98%
A video game systemBMO
89%
The girl vampireMarceline
86%
Steals princessesIce King
84%
A pink princessPrincess Bubblegum
84%
Finn's heroBilly
68%
Ice King's helperGunter
68%
LUMPLumpy Space Princess
68%
Crystal gem apple finderTree Trunks
64%
The _________ butlerPeppermint Butler
61%
Jake's girlfriendLady Rainicorn
57%
Gives Finn a huge footMagic Man
43%
The worm living in Jake's violinShelby Butterson
43%
He's a jerkDonald
7%
Doesn't like wrestlingMountain Man
7%
Finn had a bad hunch aboutRicardio
7%

Score Distribution

Percentile by Number Answered

Percent of People with Each Score

Your Score History

You have not taken this quiz